000 00365nam a22001577a 4500
005 20260408133452.0
008 160627b xxu||||| |||| 00| 0 eng d
020 _a0-14-303176-7
041 _aeng
082 _a915.4
100 _aLoseby, Richard
_92978
245 _aBlue is the Colour of Heaven
260 _bPenguin India
_c2004
300 _a240
942 _cBK
999 _c4306
_d4305